LEADER 00946nam a2200241 i 4500 001 000000041020 003 CaOOAMICUS 005 20240814114903.0 008 150824s1983 be u000 u mul u 013 $a12190 020 $a2-503-41011-1 040 $aSeMil$bita 245 10$a1: Praefatio ; Textus. 300 $aXXI, 419 p. ;$c26 cm + [1] all. (Sigles). 490 0 $aCorpus Christianorum. Series Apocryphorum ;$v1 773 0 $tActa Iohannis.$dTurnhout : Brepols, 1983.$kCorpus Christianorum. Series Apocryphorum$g1$w()6664 830 0$aCorpus Christianorum. Series Apocryphorum ;$v1.$0(OLS)http://semarc/title/126 850 $aSeMil 852 $aSeMil$W1$xVenegono$y1$mSL2.E III 1$j7175$B7175$CSeMilBibl$Z2$F7175 $8I 961 $aSottoscrizione: Brepols 996 $6020$a2-503-41011-1$9(OLS)http://semarc/number/11558 996 $6245$a1: Praefatio ; Textus$9(OLS)http://semarc/title/315754 LEADER 01253nam a2200289 i 4500 001 000000149611 003 CaOOAMICUS 005 20060410000000.0 008 060410s2006 it u000 u ita u 013 $a126935 020 $a88-16-40734-4 040 $aSeMil$bita 100 1 $aBiffi, Inos,$c.$0(OLS)http://semarc/name/282 245 10$aAl cuore della cultura medievale :$bprofilo di storia della teologia /$cInos Biffi. 260 $aMilano :$bJaca Book,$c2006. 300 $a87 p. ;$c23 cm. 490 0 $aBiblioteca di cultura medievale 490 0 $aDi fronte e attraverso ;$v734 650 4$aMedioevo - Cultura.$0(OLS)http://semarc/subject/12855 830 0$aBiblioteca di cultura medievale .$0(OLS)http://semarc/title/530 830 0$aDi fronte e attraverso ;$v734.$0(OLS)http://semarc/title/6486 850 $aSeMil 852 $aSeMil$W1$xVenegono$y1$m2N II 386$j101812$B101812$CSeMilBibl$Z2$F110679 $81 961 $aOmaggio: Biffi mons. Inos 996 $6020$a88-16-40734-4$9(OLS)http://semarc/number/138747 996 $6245$aAl cuore della cultura medievale :$bprofilo di storia della teologia$9(OLS)http://semarc/title/218667 996 $6260$aMilano :$bJaca Book$9(OLS)http://semarc/publisher/29781